Významné determinanty kvality podnikateľského prostredia malých a stredných firiem
Definovanie a porovnanie významných determinantov kvality podnikateľského prostredia v segmente MSP v Českej republike z pohľadu definovaných skupín podnikateľov. Porovnanie a hodnotenie významných faktorov kvality podnikateľského prostredia zo strany mužov a žien, podnikateľov s vysokoškolským vzde...
Salvato in:
| Autore principale: | |
|---|---|
| Altri autori: | , , |
| Natura: | Capitolo di libro |
| Lingua: | slovacco |
| Soggetti: | |
| Tags: |
Nessun Tag, puoi essere il primo ad aggiungerne!!
|
MARC
| LEADER | 00000nla a2200000 4500 | ||
|---|---|---|---|
| 001 | 0211936 | ||
| 005 | 20240417075103.9 | ||
| 041 | 0 | |a slo | |
| 044 | |a CZ | ||
| 245 | 1 | 0 | |a Významné determinanty kvality podnikateľského prostredia malých a stredných firiem |c Jaroslav Belás, Přemysl Bartoš, Aleksandr Ključnikov, Ludmila Kozubíková |
| 520 | |a Definovanie a porovnanie významných determinantov kvality podnikateľského prostredia v segmente MSP v Českej republike z pohľadu definovaných skupín podnikateľov. Porovnanie a hodnotenie významných faktorov kvality podnikateľského prostredia zo strany mužov a žien, podnikateľov s vysokoškolským vzdelaním a podnikateľov s iným druhom vzdelania. Porovnanie názorov mikropodnikov a ostatných malých a stredných podnikov a názory „starších firiem“ (tie, ktoré podnikajú viac než 10 rokov) a „mladších firiem“. | ||
| 610 | 2 | 0 | |a podnik malý |
| 610 | 2 | 0 | |a podnik stredný |
| 610 | 2 | 0 | |a mikropodnik |
| 610 | 2 | 0 | |a kvalita |
| 610 | 2 | 0 | |a podnikatelia |
| 610 | 2 | 0 | |a Česko |
| 610 | 2 | 0 | |a prostredie podnikateľské |
| 100 | 1 | |a Belás, Jaroslav | |
| 700 | 1 | |a Bartoš, Přemysl | |
| 700 | 1 | |a Ključnikov, Aleksandr | |
| 700 | 1 | |a Kozubíková, Ludmila | |